000 00579nam a22002057a 4500
003 BD-DhUL
005 20180228163332.0
008 180228s1970 pk ||||| |||| 00| 0 urd d
040 _aBD-DhUL
_cBD-DhUL
082 _a891.4391
_bKHN
100 0 _aمحمد اجمل خان۔
245 0 _aنقش شیدا /
_cمحمد اجمل خان۔
246 _aNaqsh-e Shida
260 _aلاہور :
_bمجلس یادغار،
_c۱۹۷۰۔
300 _aص۔ ۱۴۴ ؛
_c۲۲ سم۔
365 _aBDT
_b12.00
650 0 _aUrdu poetry.
650 0 _aPersian poetry.
942 _2ddc
_cBK
999 _c238716
_d238716